000 00850nmm a2200289 a 4500
003 AR-BaBNM
005 20251128202747.0
008 106119s1988 ||||||||||||||000 | spa||
020 _a950-508-281-9
040 _cAR-BaBNM
100 1 _aSan Martino de Dromi, María Laura
245 1 0 _aHistoria política argentina
_b1955-1988. 1
250 _a1ª ed.
260 _aBuenos Aires
_bAstrea
_c1988
300 1 _axxx, 517 p.
600 1 4 _aPerón, Juan Domingo
_d1973-1974
610 2 4 _aPartido Justicialista
610 2 4 _aUnión Cívica Radical del Pueblo [Argentina]
650 4 _aREVOLUCION DE SETIEMBRE DE 1955
650 4 _aPARTIDOS POLITICOS ARGENTINOS
650 4 _aREGRESO DE PERON
650 4 _aHISTORIA POLITICA ARGENTINA
653 0 _aPERONISMO
700 1 _aFrías, Pedro José
_eprologuista
942 _cBK
998 _cCarmen
999 _c441
_d441